[Event "FRA-ch Accession"]
[Site "Besancon"]
[Date "2006.08.25"]
[Round "10"]
[White "Duverne, Jean Marie"]
[Black "Aurel, Luc"]
[Result "1-0"]
[WhiteElo "2089"]
[BlackElo "2158"]
[PlyCount "73"]
[EventDate "2006.08.15"]
[EventType "swiss"]
[EventRounds "10"]
[EventCountry "FRA"]
[SourceTitle "CBM 113 Extra"]
[Source "ChessBase"]
[SourceDate "2006.09.14"]
[SourceVersion "1"]
[SourceVersionDate "2006.09.14"]
[SourceQuality "1"]

1. e4 d6 2. d4 g6 3. Nc3 Bg7 4. Be3 a6 5. Qd2 Nd7 6. Bd3 c5 7. Nf3 cxd4 8. Nxd4 Ne5 9. h3 Nxd3+ 10. Qxd3 Nf6 11. 0-0 0-0 12. a4 b6 13. Nc6 Qc7 14. Nd5 Nxd5 15. exd5 Bb7 16. a5 b5 17. Bb6 Qd7 18. Rae1 e5 19. Nb4 f5 20. b3 e4 21. Qd2 Rac8 22. Bd4 Bxd4 23. Qxd4 Qc7 24. f3 Qc5 25. Rd1 exf3 26. Rxf3 Rfe8 27. Rfd3 Re4 28. Qxc5 Rxc5 29. Rd4 Rxd4 30. Rxd4 Kf7 31. Kf2 Kf6 32. Ke3 Ke5 33. Nd3+ Kf6 34. Nxc5 dxc5 35. Rd2 Ke7 36. d6+ Kd7 37. Kf4 1-0

[Event "Paris-ch"]
[Site "Paris"]
[Date "2006.07.12"]
[Round "6"]
[White "Gaulupeau, Pascal"]
[Black "Aurel, Luc"]
[Result "0-1"]
[WhiteElo "1939"]
[BlackElo "2158"]
[PlyCount "50"]
[EventDate "2006.07.08"]
[EventType "swiss"]
[EventRounds "9"]
[EventCountry "FRA"]
[SourceTitle "EXT 2007"]
[Source "ChessBase"]
[SourceDate "2006.11.23"]
[SourceVersion "1"]
[SourceVersionDate "2006.11.23"]
[SourceQuality "1"]

1. d4 Nf6 2. c4 Nc6 3. Nf3 e6 4. g3 d6 5. Bg2 g6 6. Nc3 Bg7 7. 0-0 0-0 8. Re1 a6 9. e4 e5 10. dxe5 dxe5 11. Nd5 Bg4 12. Qd3 Bxf3 13. Bxf3 Nd4 14. Bg2 Nd7 15. Qc3 c6 16. Ne3 a5 17. b4 axb4 18. Qxb4 Qc7 19. Rb1 Rfb8 20. Qc3 Rxa2 21. Rb2 Rxb2 22. Bxb2 Ra8 23. Qc1 Nc5 24. Bxd4 exd4 25. Ng4 Nd3 0-1